000 00521nam a2200169 i 4500
001 25186
003 ES-MaACL
005 20230906153216.0
007 t|
008 021220s1905 sp ||||1| spa d
100 1 _aArce, José de.
_922455
245 1 0 _aResistencia de materiales y estabilidad de las construcciones /
_clecciones de clase por José de Arce.
250 _a3ª ed.
260 _aMadrid :
_b[s.n.,
_c1905] (
_fEstab. tip. de Iodamor Moreno)
300 _a2 v. ;
_c24 x 16 cm.
852 _aES-MaACL
_jF-153-4
999 _c25186
_d25186